000 00548cam a22001577a 4500
008 180718b1977 xxu||||| |||| 00| 0 eng d
082 _aF1x4 C762
100 _aConnor, Walter D.
245 _aPublic opinion in European socialist systems
_cby Walter D. Connor and Zvi Y. Gitelmon
260 _aNew York
_bPraeger
_c1977
300 _a196p.
500 _aPraeger special studies in international politics and government
650 _aPublic opinion --Europe, Eastern --Case studies
650 _aPublic opinion polls
700 _aGitelmon, Zvi Y.
999 _c344872
_d344872